Guess the Taylor Swift song by Lyric (Evermore) - Statistics

General Stats
  • This quiz has been taken 74 times
  • The average score is 13 of 15
Answer Stats
Hint Answer % Correct
Don't think we'll say that word again, And soon they'll have the nerve to deck the halls, That we once walked through Champagne Problems
100%
He reports his missing wife, And I noticed when I passed his house his truck has got some brand new tires No Body, No Crime
97%
I should've asked you how to be, Asked you to write it down for me, Should've kept every grocery store receipt Marjorie
95%
Wait for the signal and I'll meet you after dark, Show me the places where the others gave you scars Willow
95%
They all wanna be ya, But are you still the same soul, I met under the bleachers? Dorothea
92%
Time flies, messy as the mud on your truck tires, Now I'm missing your smile, hear me out, We could just ride around 'Tis the D*mn Season
88%
Oh, can we just get a pause?, To be certain we'll be tall again, Whether weather be the frost, Or the violence of the dog days Evermore
86%
Took this dagger in me and removed it, Gain the weight of you, then lose it, Believe me, I could do it Tolerate It
86%
And the skeletons in both our closets, Plotted hard to f*ck this up, And the old men that I've swindled, Really did believe I was the one Cowboy Like Me
85%
Did I paint your bluest skies the darkest gray?, A universe away, And when I got into the accident, The sight that flashed before me was your face Coney Island
83%
What would he do if he found us out?, Crescent moon, coast is clear, Spring breaks loose, but so does fear Ivy
83%
When I dropped my sword, I threw it in the bushes and knocked on your door, And we live in peace Long Story Short
83%
Wrinkle in your new life, Staying friends, Would iron it out so nice, Guilty, guilty reaching out across the sea Closure
81%
I see me padding 'cross your wooden floors, With my Eagles t-shirt hanging from the door Gold Rush
81%
When did all our lessons start to look like weapons pointed at my deepest hurt?, I hope she'll be a beautiful fool, Who takes my spot next to you Happiness
76%
No matching quizzes found
Score Distribution
Percent of People with Each Score
Percentile by Number Answered
Your Score History
You have not taken this quiz